Adèle - Chansons commençants par R - Statistiques

Statistiques générales
  • Ce quiz a été pris 7 fois
  • Le résultat moyen est 2 sur 5
Statistiques - réponses
R % Correct
Rolling in the Deep
100%
Rumour Has It
50%
Remedy
33%
Right as Rain
17%
River Lea
17%
Aucun quiz correspondant
Distribution des résultats
% des personnes avec chaque résultat
Percentile par nombre de réponses
Votre historique - résultats
Vous n’avez pas pris ce quiz